Wymień wszystkie miasta z których pochodzą druzyny PlusLigi - Statystyki

Ogólne statystyki
  • Ten quiz został rozwiązany 541 razy
  • Średni wynik to 9 z 14
Statystyki odpowiedzi
Województwo Miasto % Poprawnych
mazowieckie Warszawa
96%
pomorskie Gdańsk
89%
zachodniopomorskie Szczecin
83%
podkarpackie Rzeszów
82%
warmińsko-mazurskie Olsztyn
80%
łódzkie Bełchatów
77%
Radom
69%
opolskie Kędzierzyn-Koźle
67%
kujawsko-pomorskie Bydgoszcz
65%
Katowice
50%
śląskie Zawiercie
47%
dolnośląskie Lubin
44%
Będzin
26%
Jastrzębie-Zdrój
25%
Nie znaleziono quizów pasujących do podanych kryteriów
Rozkład punktacji
Procent ludzi z każdym wynikiem
Percentyl według liczby udzielonych odpowiedzi
Twoja historia wyników
Nie rozwiązałeś tego quizu